000 00499nam a2200205Ia 4500
005 20250425162606.0
008 250425s9999 xx 000 0 und d
020 _a9780133356717
041 _aeng
082 _a621.815
100 _aNORTON, ROBERT L.
245 0 _aMACHINE DESIGN: AN INTEGRATED APPROACH
250 _a5TH ED.
260 _aBOSTON
260 _aEstados Unidos
_bPRENTICE-HALL
_c2014
300 _a1059
650 _aDISEÑO DE MAQUINAS
942 _c01
010 _a87960
999 _c232394
_d232394